[Event "SVK-chT3A2 2122"]
[Site "Slovakia"]
[Date "2022.04.24"]
[Round "6.7"]
[White "Rau, Vladimir"]
[Black "Zelensky, Filip"]
[Result "1-0"]
[WhiteElo "1688"]
[BlackElo "1360"]
[PlyCount "110"]
[EventDate "2021.10.10"]
[EventType "team-tourn"]
[EventRounds "11"]
[EventCountry "SVK"]
[SourceTitle "EXT 2024"]
[Source "ChessBase"]
[SourceDate "2023.10.10"]
[SourceVersion "1"]
[SourceVersionDate "2023.10.10"]
[SourceQuality "1"]
[WhiteTeam "Modranka Komplet"]
[BlackTeam "Cifer II"]
[WhiteTeamCountry "SVK"]
[BlackTeamCountry "SVK"]

1. d4 d5 2. c4 dxc4 3. e3 e6 4. Bxc4 Nf6 5. Nc3 a6 6. Nf3 b6 7. Bd2 Be7 8. 0-0 Bb7 9. Rc1 0-0 10. Be2 Nbd7 11. Qc2 Rc8 12. Rfd1 Nb8 13. Ne5 Nbd7 14. Bf3 Nd5 15. Nxd5 Bxd5 16. Bxd5 exd5 17. Nc6 Qe8 18. Qb3 Nf6 19. Na7 Ra8 20. Rxc7 Bd6 21. Rb7 Bb8 22. Qxb6 Bxa7 23. Rxa7 Rxa7 24. Qxa7 Qa4 25. Ra1 Qc2 26. Bc3 Ne4 27. Rf1 Rc8 28. Qxa6 Rf8 29. h3 Nxc3 30. bxc3 Qxc3 31. a4 Qc4 32. Qxc4 dxc4 33. Rc1 Rc8 34. a5 g6 35. Kf1 c3 36. a6 Ra8 37. Rxc3 Rxa6 38. Ke2 Kg7 39. d5 Ra2+ 40. Kf3 Rd2 41. e4 Kf6 42. Ke3 Rd1 43. Rd3 Rxd3+ 44. Kxd3 Ke5 45. Ke3 g5 46. g3 h6 47. f4+ Kd6 48. fxg5 hxg5 49. Kd4 f6 50. h4 g4 51. h5 f5 52. exf5 Ke7 53. h6 Kf7 54. d6 Kf6 55. h7 Kf7 1-0

[Event "SVK-chT4 A22 1819"]
[Site "Slovakia"]
[Date "2019.02.03"]
[Round "8.5"]
[White "Rau, Vladimir"]
[Black "Ganz, Marek"]
[Result "1/2-1/2"]
[WhiteElo "1680"]
[BlackElo "1681"]
[PlyCount "83"]
[EventDate "2018.10.14"]
[EventType "team-tourn"]
[EventRounds "11"]
[EventCountry "SVK"]
[SourceTitle "EXT 2020"]
[Source "ChessBase"]
[SourceDate "2019.10.17"]
[SourceVersion "1"]
[SourceVersionDate "2019.10.17"]
[SourceQuality "1"]

1. d4 d5 2. c4 e6 3. Nc3 Nf6 4. e3 Nbd7 5. Nf3 c6 6. c5 a5 7. Be2 b6 8. cxb6 Nxb6 9. 0-0 Ba6 10. Ne5 Qc7 11. Bxa6 Rxa6 12. h3 Bd6 13. Nd3 0-0 14. Bd2 Rb8 15. Na4 Nc4 16. b3 Nxd2 17. Qxd2 Ne4 18. Qc2 Rc8 19. Nac5 Nxc5 20. Nxc5 Rb6 21. Rac1 Qe7 22. Qd2 Qa7 23. Rc2 Be7 24. Rfc1 Bf6 25. Nd3 h6 26. Rc5 Ra6 27. R5c2 Qa8 28. Nc5 Ra7 29. Na4 Bd8 30. Nc5 Bc7 31. Nd7 Qb7 32. Nc5 Qb5 33. Na4 Raa8 34. Rc5 Qa6 35. g3 Bd6 36. R5c2 Ba3 37. Rd1 Rab8 38. Nc5 Qa7 39. Qd3 Rb5 40. Na4 Rb7 41. Qe2 Re7 42. Nc3 1/2-1/2

[Event "SVK-chT4 A22 1516"]
[Site "Slovakia"]
[Date "2016.03.13"]
[Round "10.3"]
[White "Rau, Vladimir"]
[Black "Janas, Peter"]
[Result "0-1"]
[WhiteElo "1508"]
[BlackElo "1681"]
[PlyCount "146"]
[EventDate "2015.10.04"]
[EventType "team-tourn"]
[EventRounds "11"]
[EventCountry "SVK"]
[SourceTitle "EXT 2020"]
[Source "ChessBase"]
[SourceDate "2019.10.17"]
[SourceVersion "1"]
[SourceVersionDate "2019.10.17"]
[SourceQuality "1"]

1. d4 g6 2. c4 Nf6 3. Nc3 d5 4. e3 Bg7 5. Nf3 Bg4 6. Be2 0-0 7. h3 Bxf3 8. Bxf3 c6 9. cxd5 cxd5 10. 0-0 e6 11. Bd2 Nbd7 12. Qb3 Nb6 13. Rfd1 Qd7 14. Rac1 Nc4 15. e4 Nxd2 16. Rxd2 Bh6 17. Rcd1 Bxd2 18. Rxd2 dxe4 19. Nxe4 Nxe4 20. Bxe4 Rfd8 21. d5 exd5 22. Bxd5 Qe7 23. Rd3 Rac8 24. g3 b6 25. Kg2 Kg7 26. Rf3 Rf8 27. Re3 Qd6 28. Bf3 Rfe8 29. Rd3 Qe6 30. Bd5 Qd7 31. Rf3 Re7 32. Bc4 Rc5 33. Qc3+ Kg8 34. b4 Rf5 35. Rd3 Qc6+ 36. f3 Qc7 37. Qd4 Rfe5 38. Rc3 Qd7 39. Qf2 Qd1 40. Bb3 Qb1 41. Rc8+ Kg7 42. Qd4 Qf5 43. Rd8 Qf6 44. Bd1 Re1 45. Qd2 Qe6 46. Qd4+ Qe5 47. Qd2 Qe3 48. Qxe3 R1xe3 49. Kf2 R3e6 50. g4 g5 51. Rd5 Re5 52. Rd4 f5 53. gxf5 Rxf5 54. Bc2 Rf6 55. Bb3 Rc6 56. Rd3 Kf6 57. Kg3 Rec7 58. Rd8 h6 59. Rh8 Ke5 60. Re8+ Kd4 61. Re4+ Kc3 62. h4 gxh4+ 63. Kxh4 b5 64. f4 Rd6 65. f5 Rf6 66. Be6 Rc4 67. Bxc4 bxc4 68. a3 Rxf5 69. Re7 a5 70. Re3+ Kb2 71. Re4 c3 72. Kg4 Rd5 73. Kf3 c2 0-1

[Event "SVK-chT4A21 1415"]
[Site "Slovakia"]
[Date "2015.01.18"]
[Round "7.5"]
[White "Slaba, Andrea"]
[Black "Rau, Vladimir"]
[Result "1-0"]
[WhiteElo "1467"]
[BlackElo "1504"]
[PlyCount "143"]
[EventDate "2014.10.12"]
[EventType "team-tourn"]
[EventRounds "11"]
[EventCountry "SVK"]
[SourceTitle "EXT 2022"]
[Source "ChessBase"]
[SourceDate "2021.10.06"]
[SourceVersion "1"]
[SourceVersionDate "2021.10.06"]
[SourceQuality "1"]
[WhiteTeam "Piestany Kupele II"]
[BlackTeam "Modranka Komplet Juniors"]
[WhiteTeamCountry "SVK"]
[BlackTeamCountry "SVK"]

1. d4 d5 2. c4 Nf6 3. Nc3 e6 4. Bg5 Be7 5. e3 Nc6 6. Bd3 dxc4 7. Bxc4 0-0 8. Nf3 b6 9. 0-0 Bb7 10. a3 h6 11. Bh4 Rc8 12. b4 Nd7 13. Bg3 a6 14. Ne2 b5 15. Bb3 Nf6 16. h3 Ne4 17. Bh2 Bf6 18. Nf4 Qd7 19. Qc2 Ng5 20. Nxg5 Bxg5 21. Nd3 Be7 22. Nf4 Bd6 23. Nd3 Bxh2+ 24. Kxh2 Qd6+ 25. Kg1 Rfd8 26. Qb2 Ba8 27. Nc5 Kh8 28. Nxa6 Nxd4 29. Nc5 Nxb3 30. Nxb3 Qd5 31. f3 Qg5 32. Qe2 Bd5 33. Nd2 Ba8 34. Rac1 Rd7 35. Rc5 Rd5 36. Ne4 Qe5 37. Rxd5 Qxd5 38. Nc3 Qb3 39. Nxb5 Bb7 40. Ra1 Ba6 41. Nd4 Qc3 42. Qe1 Qc4 43. Rc1 Qd3 44. Qc3 Qg6 45. Nc6 Qg5 46. Qd4 Bb7 47. Ne5 Qe7 48. Qd7 Qxd7 49. Nxd7 c6 50. Nc5 Ba8 51. Rd1 Kg8 52. Kf2 Kf8 53. Ke2 g5 54. Rd7 Ke8 55. Kd3 Rd8 56. Rxd8+ Kxd8 57. a4 Kc7 58. Kd4 Kd6 59. Ne4+ Ke7 60. Kc5 f5 61. Nc3 h5 62. Kb6 c5 63. bxc5 g4 64. hxg4 fxg4 65. fxg4 hxg4 66. g3 Kd7 67. a5 Kc8 68. c6 Kb8 69. Nb5 e5 70. Nd6 Bb7 71. Nxb7 e4 72. c7+ 1-0

[Event "SVK-chT4A21 1415"]
[Site "Slovakia"]
[Date "2014.11.09"]
[Round "3.5"]
[White "Hrdlicka, Martin"]
[Black "Rau, Vladimir"]
[Result "0-1"]
[WhiteElo "1232"]
[BlackElo "1504"]
[PlyCount "58"]
[EventDate "2014.10.12"]
[EventType "team-tourn"]
[EventRounds "11"]
[EventCountry "SVK"]
[SourceTitle "EXT 2022"]
[Source "ChessBase"]
[SourceDate "2021.10.06"]
[SourceVersion "1"]
[SourceVersionDate "2021.10.06"]
[SourceQuality "1"]
[WhiteTeam "Senica CVC II"]
[BlackTeam "Modranka Komplet Juniors"]
[WhiteTeamCountry "SVK"]
[BlackTeamCountry "SVK"]

1. e4 c6 2. Nc3 d5 3. exd5 cxd5 4. d4 Nf6 5. Bf4 a6 6. Nf3 e6 7. Qd2 Be7 8. Be2 Nc6 9. 0-0-0 0-0 10. Ne5 Bd7 11. g4 Bb4 12. f3 Rc8 13. Qd3 Nxe5 14. dxe5 Ne8 15. Nb1 Bb5 16. Qe3 Qc7 17. c3 Bc5 18. Qd2 d4 19. Bd3 dxc3 20. Qc2 cxb2+ 21. Kd2 Bb4+ 22. Nc3 Bxc3+ 23. Ke2 Bxd3+ 24. Rxd3 Ba5 25. Qxb2 Qc2+ 26. Qxc2 Rxc2+ 27. Ke3 Bb6+ 28. Ke4 Rc4+ 29. Rd4 Rxd4+ 0-1

[Event "SVK-chT3A2 1314"]
[Site "Slovakia"]
[Date "2013.12.15"]
[Round "5.1"]
[White "Gajarsky, Roman"]
[Black "Rau, Vladimir"]
[Result "1-0"]
[WhiteElo "1797"]
[BlackElo "1637"]
[PlyCount "75"]
[EventDate "2013.10.13"]
[EventType "team-tourn"]
[EventRounds "11"]
[EventCountry "SVK"]
[SourceTitle "EXT 2015"]
[Source "ChessBase"]
[SourceDate "2014.11.20"]
[SourceVersion "1"]
[SourceVersionDate "2014.11.20"]
[SourceQuality "1"]
[WhiteTeam "Hlohovec"]
[BlackTeam "Trnava Modranka Jun"]
[WhiteTeamCountry "SVK"]
[BlackTeamCountry "SVK"]

1. e4 c6 2. d4 d5 3. e5 Bf5 4. g4 Bg6 5. h4 h6 6. Bd3 Bxd3 7. Qxd3 e6 8. f4 Nd7 9. Nf3 Qc7 10. c3 0-0-0 11. b4 a6 12. Be3 Be7 13. Nbd2 Re8 14. a4 b5 15. axb5 axb5 16. Nb3 Qb7 17. 0-0 Kc7 18. Ra5 Ra8 19. Rfa1 Rxa5 20. Rxa5 Nb6 21. Ra1 g5 22. hxg5 hxg5 23. fxg5 Bd8 24. Kg2 Ne7 25. Nc5 Qb8 26. Na6+ Kb7 27. Nxb8 Kxb8 28. Rh1 Rxh1 29. Kxh1 Ng6 30. Kg2 Nc4 31. Bc1 Be7 32. Kg3 Kc7 33. Nh4 Nf8 34. Qc2 Nb6 35. Qf2 Na4 36. Qxf7 Kd7 37. Bd2 Kd8 38. g6 1-0